000 00502nam a2200217Ia 4500
003 OSt
005 20220918231304.0
006 a|||||r|||| 00| 0
007 ta
008 220917b |||||||| |||| 00| 0 eng d
024 _a275,198
037 _cTextual
040 _aARTS
_cARTS
_beng
041 _2eng
_aeng
082 _aU8.43887, F1
245 0 _aThayetmyo district
260 _c1911
650 _aGEOGRAPHY
942 _hU8.43887, F1
_cTEXL
_2CC
999 _c290408
_d290408